Trends in linguistics / (Record no. 7120)
[ view plain ]
| 000 -LEADER | |
|---|---|
| fixed length control field | 00793nam a2200277 a 4500 |
| 001 - CONTROL NUMBER | |
| control field | 7120 |
| 003 - CONTROL NUMBER IDENTIFIER | |
| rucl marc code | UkOxU |
| 005 - DATE AND TIME OF LATEST TRANSACTION | |
| control field | 20211208234352.0 |
| 008 - FIXED-LENGTH DATA ELEMENTS--GENERAL INFORMATION | |
| fixed length control field | 140113s1965 ne b 000 0 eng d |
| 035 ## - SYSTEM CONTROL NUMBER | |
| System control number | 7162 |
| 040 ## - CATALOGING SOURCE | |
| Original cataloging agency | DLC |
| Transcribing agency | WSU |
| Modifying agency | OCL |
| -- | SER |
| -- | BD-Rju |
| Language of cataloging | eng |
| 041 1# - LANGUAGE CODE | |
| Language code of text/sound track or separate title | eng |
| Language code of original | und |
| 082 04 - DEWEY DECIMAL CLASSIFICATION NUMBER | |
| Classification number | 400 |
| Author mark and year | IVT |
| 099 ## - LOCAL FREE-TEXT CALL NUMBER (OCLC) | |
| Bangla Class number | *ML A.6A.TR - 5 - G5 |
| Feature heading | : Trends in linguistics |
| 100 1# - MAIN ENTRY--PERSONAL NAME | |
| Personal name | Ivić, Milka. |
| 9 (RLIN) | 22292 |
| 245 10 - TITLE STATEMENT | |
| Title | Trends in linguistics / |
| Statement of responsibility, etc. | Translated by Muriel Heppell |
| 260 ## - PUBLICATION, DISTRIBUTION, ETC. (IMPRINT) | |
| Place of publication, distribution, etc. | The Hague : |
| Name of publisher, distributor, etc. | Mouton, |
| Date of publication, distribution, etc. | 1965 |
| 300 ## - PHYSICAL DESCRIPTION | |
| Pagination | 260 p. ; |
| Size | 23 cm |
| 490 1# - SERIES STATEMENT | |
| Series statement | Janua linguarum. Series minor ; |
| Volume/sequential designation | nr. 42 |
| 504 ## - BIBLIOGRAPHY, ETC. NOTE | |
| Bibliography, etc | Bibliographical footnotes |
| 650 #0 - SUBJECT ADDED ENTRY--TOPICAL TERM | |
| Topical term or geographic name as entry element | Linguistic research |
| 9 (RLIN) | 22293 |
| 830 #0 - SERIES ADDED ENTRY--UNIFORM TITLE | |
| Volume number/sequential designation | nr. 42 |
| Uniform title | Janua linguarum. |
| 942 ## - ADDED ENTRY ELEMENTS (KOHA) | |
| Source of classification or shelving scheme | Dewey Decimal Classification |
| Koha item type | Books |
| Lost status | Source of classification or shelving scheme | Damaged status | Not for loan | Collection code | Permanent Location | Current Location | Shelving location | Date acquired | Source of acquisition | Cost, normal purchase price | Total Checkouts | Full call number | Date last seen | Copy number | Koha item type |
|---|---|---|---|---|---|---|---|---|---|---|---|---|---|---|---|
| Dewey Decimal Classification | Non-fiction | Central Library, University of Rajshahi | Central Library, University of Rajshahi | 28/01/1971 | Zeithenger | 74.00 | 400 IVT 1965 | 13/01/2014 | C-2 | Books | |||||
| Dewey Decimal Classification | Non-fiction | Central Library, University of Rajshahi | Central Library, University of Rajshahi | 28/01/1971 | Zeitlinger | 74.60 | 400 IVT 1965 | 19/06/2016 | C-3 | Books | |||||
| Dewey Decimal Classification | Not For Loan | Non-fiction | Central Library, University of Rajshahi | Central Library, University of Rajshahi | Reading Room | 28/01/1971 | Zeitlinger | 74.60 | 400 IVT 1965 | 15/01/2017 | C-1 | Books |